000 00657nam a22002417a 4500
003 UA-OsUOA
001 95226
007 ta
008 20130226b un ||||| |||| 00| 0 ukr d
100 _aЗабелин И.
090 _a821.161.1
_bЗ-12
942 _cBK
040 _aUA-OsUOA
_brus
_cUA-OsUOA
_dUA-OsUOA
245 _aИ не будет конца
_bповести, рассказы
300 _a603 с.
955 _a3
041 _arus
080 _a821.161.1
260 _aМ.
_bСоветский писатель
_c1989
044 _aRU
650 7 _a82 Література. Літературознавство
_2UDC
999 _c381476
_d381476